000 01168cam a22003497a 4500
003 CHAP
005 20220329133736.0
008 971013s1990 r 00010 d
010 _a10219
011 _a11191
035 _a10429
040 _cCHAP
090 _aFolleto 14243
100 0 0 _aGarcía Acosta, Virginia.
_945675
245 1 4 _aLos señores del maíz
_b: tecnología alimentaria en Mesoamérica
260 _aMéxico, D. F. :
_bPangea,
_c1990
300 _a59 p.
_b: ilus
490 4 _aLos señores
590 _aBATCH-UPD
_b10
_c20130110
_lUCH01
_h0252
590 _aBATCH-UPD
_b10
_c20130110
_lUCH01
_h2158
590 _aBATCH-UPD
_b10
_c20130409
_lUCH01
_h2322
590 _aBATCH-UPD
_b10
_c20130410
_lUCH01
_h1506
590 _aBATCH-UPD
_b10
_c20130914
_lUCH01
_h1618
590 _aCONVERSION
_b10
_c20130109
_lUCH01
_h1307
650 1 4 _aHábitos alimenticios
_xHistoria.
_955680
650 1 4 _aMaíz
_xConsumo
_xHistoria.
_970912
830 4 _aLos señores
_968577
901 _aBK
942 _cFOLL
949 _aFolleto 14243
_bBC
_cFOLL
_d-21995
_eTS1
_gI.c/e
_i10429
_si
_t14.00
949 _aFolleto 14243
_bBC
_cFOLL
_d-21997
_eTS2
_fc.2
_gI.c/e
_i10429
_si
_t14.00
999 _c10219
_d10219